| 000 | 00919nam a2200217Ia 4500 | ||
|---|---|---|---|
| 003 | OSt | ||
| 005 | 20250217141735.0 | ||
| 007 | ca aa aaaaa | ||
| 008 | 201103s9999 xx 000 0 und d | ||
| 040 | _cSSBUL | ||
| 041 | _abur | ||
| 082 |
_a၂၉၄.၃၄၃၅၀၉ _2၂၃ _bကော |
||
| 100 |
_a ကောဝိဒ၊ အရှင်၊ လယ်တီ _917476 |
||
| 245 | 0 |
_aပခုက္ကူမြို့သီဟိုဠ်ရှင်မြတ်စွာဘုရားကြီးသမိုင်း / _cလယ်တီအရှင်ကောဝိဒ ။ |
|
| 250 | _a ၂၂ ကြိမ် | ||
| 260 |
_aရန်ကုန် ၊ _bရှင်မတောင်စာပေ ၊ _c၂၀၁၈ ။ |
||
| 300 |
_aဈ၊ ၁၉၂ စာမျက်နှာ ၊ _bဓါတ်ပုံများ ၊ _c၂၅ စင်တီ ။ |
||
| 942 |
_cBK _2ddc |
||
| 942 | _2ddc | ||
| 942 | _2ddc | ||
| 999 |
_c16974 _d16974 |
||